Valorización de empresas: la aplicación de una metodología
সংরক্ষণ করুন:
| প্রধান লেখক: | |
|---|---|
| অন্যান্য লেখক: | |
| বিন্যাস: | গ্রন্থ |
| ভাষা: | স্প্যানিশ |
| প্রকাশিত: |
Valparaíso, Chile:
Ediciones Universitarias de Valparaíso,
2009.
|
| মালা: | Dirección de Empresas y Economía
|
| বিষয়গুলি: | |
| ট্যাগগুলো: |
ট্যাগ যুক্ত করুন
কোনো ট্যাগ নেই, প্রথমজন হিসাবে ট্যাগ করুন!
|
MARC
| LEADER | 00000cam a2200000 a 4500 | ||
|---|---|---|---|
| 001 | UCH5106 | ||
| 003 | CL-VaPUC | ||
| 005 | 20230905074224.0 | ||
| 008 | 090924e20090000CL |||||||||||||||||spa|d | ||
| 999 | |c 336308 |d 336306 | ||
| 020 | |a 978-956-17-0448-0 | ||
| 040 | |c Pontificia Universidad Católica de Valparaíso | ||
| 082 | 0 | 4 | |a 658.15 PER 2009 |2 21 |
| 100 | 0 | |a Pérez-Cotapos Marín, Gerardo |e autor |9 541261 | |
| 245 | 1 | 0 | |a Valorización de empresas: la aplicación de una metodología |
| 260 | |a Valparaíso, Chile: |b Ediciones Universitarias de Valparaíso, |c 2009. | ||
| 300 | |a 151 páginas. | ||
| 490 | 0 | |a Dirección de Empresas y Economía | |
| 500 | |a c.28 Donación Rectoria Diciembre 2022. | ||
| 583 | |a last modification |c 20190722 03:48:22 |k Rodrigo Vera | ||
| 650 | 0 | |a Administración de empresas |9 260833 | |
| 650 | 0 | |a Valoración |2 CL-VaPUC |9 271780 | |
| 650 | 0 | |a Contabilidad financiera |9 307017 | |
| 650 | 0 | |a Flujos de caja |2 CL-VaPUC |9 433097 | |
| 700 | 0 | |a Silva Palavecinos, Berta Ruth Cecilia |e autora |9 541262 | |
| 942 | |c BK |2 ddc | ||
| 945 | |d 20090924 00:00:00 |a rbrito | ||
| 952 | |0 0 |1 0 |4 0 |6 658_150000000000000_PER_2009 |7 0 |8 A |9 427358 |a BIBGIM |b BIBGIM |d 2019-11-22 |i 4602854 |l 1 |m 2 |o 658.15 PER 2009 |p 4602854 |r 2025-01-15 |s 2021-11-30 |w 2019-11-22 |y BK |k COM | ||
| 952 | |0 0 |1 0 |4 0 |6 658_150000000000000_PER_2009 |7 0 |8 A |9 427359 |a BIBGIM |b BIBGIM |d 2019-11-22 |i 4602862 |l 2 |m 2 |o 658.15 PER 2009 |p 4602862 |r 2025-01-15 |s 2024-07-09 |w 2019-11-22 |y BK |k COM | ||
| 952 | |0 0 |1 0 |4 0 |6 658_150000000000000_PER_2009 |7 0 |8 A |9 427360 |a BIBGIM |b BIBGIM |d 2019-11-22 |i 4602870 |l 2 |o 658.15 PER 2009 |p 4602870 |r 2025-01-15 |s 2024-07-08 |w 2019-11-22 |y BK |k COM | ||
| 952 | |0 0 |1 0 |4 0 |6 658_150000000000000_PER_2009 |7 0 |8 A |9 427361 |a BIBGIM |b BIBGIM |d 2019-11-22 |i 4602889 |l 1 |o 658.15 PER 2009 |p 4602889 |r 2025-01-15 |s 2022-05-17 |w 2019-11-22 |y BK |k COM | ||
| 952 | |0 0 |1 0 |4 0 |6 658_150000000000000_PER_2009 |7 0 |8 A |9 427362 |a BIBGIM |b BIBGIM |d 2019-11-22 |i 4602897 |o 658.15 PER 2009 |p 4602897 |r 2025-01-15 |w 2019-11-22 |y BK |k COM | ||
| 952 | |0 0 |1 0 |4 0 |6 658_150000000000000_PER_2009 |7 0 |8 A |9 427363 |a BIBGIM |b BIBGIM |d 2019-11-22 |i 4602900 |l 2 |m 2 |o 658.15 PER 2009 |p 4602900 |r 2025-01-15 |s 2021-12-01 |w 2019-11-22 |y BK |k COM | ||
| 952 | |0 0 |1 0 |4 0 |6 658_150000000000000_PER_2009 |7 0 |8 A |9 427364 |a BIBGIM |b BIBGIM |d 2019-11-22 |i 4602919 |o 658.15 PER 2009 |p 4602919 |r 2025-01-15 |w 2019-11-22 |y BK |k COM | ||
| 952 | |0 0 |1 0 |4 0 |6 658_150000000000000_PER_2009 |7 0 |8 A |9 427365 |a BIBGIM |b BIBGIM |d 2019-11-22 |i 4602927 |o 658.15 PER 2009 |p 4602927 |r 2025-01-15 |w 2019-11-22 |y BK |k COM | ||
| 952 | |0 0 |1 0 |4 0 |6 658_150000000000000_PER_2009 |7 0 |8 A |9 427366 |a BIBGIM |b BIBGIM |d 2019-11-22 |i 4602935 |o 658.15 PER 2009 |p 4602935 |r 2025-01-15 |w 2019-11-22 |y BK |k COM | ||
| 952 | |0 0 |1 0 |4 0 |6 658_150000000000000_PER_2009 |7 0 |8 A |9 427367 |a BIBGIM |b BIBGIM |d 2019-11-22 |i 4602943 |o 658.15 PER 2009 |p 4602943 |r 2025-01-15 |w 2019-11-22 |y BK |k COM | ||
| 952 | |0 0 |1 0 |4 0 |6 658_150000000000000_PER_2009 |7 0 |8 A |9 427368 |a BIBGIM |b BIBGIM |d 2019-11-22 |i 4602951 |o 658.15 PER 2009 |p 4602951 |r 2025-01-15 |w 2019-11-22 |y BK |k COM | ||
| 952 | |0 0 |1 0 |4 0 |6 658_150000000000000_PER_2009 |7 0 |8 A |9 427369 |a BIBGIM |b BIBGIM |d 2019-11-22 |i 460296K |o 658.15 PER 2009 |p 460296K |r 2025-01-15 |w 2019-11-22 |y BK |k COM | ||
| 952 | |0 0 |1 0 |4 0 |6 658_150000000000000_PER_2009 |7 0 |8 A |9 427370 |a BIBGIM |b BIBGIM |d 2019-11-22 |i 4602978 |o 658.15 PER 2009 |p 4602978 |r 2025-01-15 |w 2019-11-22 |y BK |k COM | ||
| 952 | |0 0 |1 0 |4 0 |6 658_150000000000000_PER_2009 |7 0 |8 A |9 427371 |a BIBGIM |b BIBGIM |d 2019-11-22 |i 4602986 |o 658.15 PER 2009 |p 4602986 |r 2025-01-15 |w 2019-11-22 |y BK |k COM | ||
| 952 | |0 0 |1 0 |4 0 |6 658_150000000000000_PER_2009 |7 0 |8 A |9 427372 |a BIBGIM |b BIBGIM |d 2019-11-22 |i 4602994 |l 1 |m 2 |o 658.15 PER 2009 |p 4602994 |r 2025-01-15 |s 2021-12-02 |w 2019-11-22 |y BK |k COM | ||
| 952 | |0 0 |1 0 |4 0 |6 658_150000000000000_PER_2009 |7 0 |8 A |9 427373 |a BIBGIM |b BIBGIM |d 2019-11-22 |i 4603001 |o 658.15 PER 2009 |p 4603001 |r 2025-01-15 |w 2019-11-22 |y BK |k COM | ||
| 952 | |0 0 |1 0 |4 0 |6 658_150000000000000_PER_2009 |7 0 |8 A |9 427374 |a BIBGIM |b BIBGIM |d 2019-11-22 |i 460301K |o 658.15 PER 2009 |p 460301K |r 2025-01-15 |w 2019-11-22 |y BK |k COM | ||
| 952 | |0 0 |1 0 |4 0 |6 658_150000000000000_PER_2009 |7 0 |8 A |9 427375 |a BIBGIM |b BIBGIM |d 2019-11-22 |i 4603028 |l 2 |m 2 |o 658.15 PER 2009 |p 4603028 |r 2025-01-15 |s 2021-12-01 |w 2019-11-22 |y BK |k COM | ||
| 952 | |0 0 |1 0 |4 0 |6 658_150000000000000_PER_2009 |7 0 |8 A |9 427376 |a BIBGIM |b BIBGIM |d 2019-11-22 |i 4603036 |o 658.15 PER 2009 |p 4603036 |r 2025-01-15 |w 2019-11-22 |y BK |k COM | ||
| 952 | |0 0 |1 0 |4 0 |6 658_150000000000000_PER_2009 |7 0 |8 A |9 427377 |a BIBGIM |b BIBGIM |d 2019-11-22 |i 4603044 |l 1 |m 1 |o 658.15 PER 2009 |p 4603044 |r 2025-01-15 |s 2021-11-18 |w 2019-11-22 |y BK |k COM | ||
| 952 | |0 0 |1 0 |4 0 |6 658_150000000000000_PER_2009 |7 0 |8 A |9 427378 |a BIBING |b BIBING |d 2019-11-22 |i 4603052 |o 658.15 PER 2009 |p 4603052 |r 2025-01-20 |w 2019-11-22 |y BK |k EII | ||
| 952 | |0 0 |1 0 |4 0 |6 658_150000000000000_PER_2009 |7 0 |8 A |9 427379 |a BIBING |b BIBING |d 2019-11-22 |i 4603060 |o 658.15 PER 2009 |p 4603060 |r 2025-01-20 |w 2019-11-22 |y BK |k EII | ||
| 952 | |0 0 |1 0 |4 0 |6 658_150000000000000_PER_2009 |7 0 |8 A |9 427380 |a BIBING |b BIBING |d 2019-11-22 |i 4603079 |o 658.15 PER 2009 |p 4603079 |r 2025-01-20 |w 2019-11-22 |y BK |k EII | ||
| 952 | |0 0 |1 0 |4 0 |6 658_150000000000000_PER_2009 |7 0 |8 X |9 427381 |a FDOBUD |b FDOBUD |d 2019-11-22 |i 4604997 |o 658.15 PER 2009 |p 4604997 |r 2019-11-22 |w 2019-11-22 |y BK_X |k BUD | ||
| 952 | |0 0 |1 0 |4 0 |6 658_150000000000000_PER_2009 |7 0 |8 A |9 427382 |a BIBENE |b BIBENE |d 2019-11-22 |i 4614666 |o 658.15 PER 2009 |p 4614666 |r 2025-01-15 |w 2019-11-22 |y BK |k ICO | ||
| 952 | |0 0 |1 0 |4 0 |6 658_150000000000000_PER_2009 |7 0 |8 C |9 427383 |a BIBCUR |b BIBCUR |d 2019-11-22 |i 4603737 |o 658.15 PER 2009 |p 4603737 |r 2025-04-22 |w 2019-11-22 |y BK |k IDI | ||
| 952 | |0 0 |1 0 |4 0 |6 658_150000000000000_PER_2009 |7 0 |8 C |9 427384 |a BIBCUR |b BIBCUR |d 2019-11-22 |i 4603745 |o 658.15 PER 2009 |p 4603745 |r 2025-04-22 |w 2019-11-22 |y BK |k IDI | ||
| 952 | |0 0 |1 0 |4 0 |6 658_150000000000000_PER_2009 |7 0 |8 A |9 427385 |a BIBMEC |b BIBMEC |d 2019-11-22 |i 4745930 |o 658.15 PER 2009 |p 4745930 |r 2024-01-19 |w 2019-11-22 |y BK |k MEC | ||
| 952 | |0 0 |1 0 |4 0 |6 658_150000000000000_PER_2009 |7 0 |8 X |9 427386 |a FDOBUD |b FDOBUD |d 2019-11-22 |i 4967917 |o 658.15 PER 2009 |p 4967917 |r 2019-11-22 |w 2019-11-22 |y BK_X |k FHP | ||
| 952 | |0 0 |1 0 |2 ddc |4 0 |6 658_150000000000000_PER_2009 |7 0 |8 A |9 588695 |a BIBENE |b BIBENE |c GEN |d 2023-01-24 |e Donación |i 5656469 |l 1 |o 658.15 PER 2009 |p 5656469 |r 2025-01-15 |s 2023-03-27 |t 28 |w 2023-01-24 |y BK |k ICO | ||